=LDR 00000nam 2200000 4500 =001 INLIS000000000057180 =005 20201207082900 =035 ##$$a 0010-1220000081 =007 ta =008 201207###########################0#ind## =020 ##$$a 978-979-22-4861-6 =082 ##$$a 899.221 3 =084 ##$$a 899.221 3 Afu n =245 1#$$a Negeri 5 menara /$c A.Fuadi =300 ##$$a 424 halaman ; $c 21 cm =650 #4$$a fiksi Indonesia =264 ##$$a jakarta :$b Gramedia pustaka utama,$c 2010 =336 ##$$a teks$2 rdacontent =337 ##$$a lain-lain$2 rdamedia =338 ##$$a lain-lain$2 rdacarrier =990 ##$$a 36283628